[Event "SWZ-chT"]
[Site "SWZ"]
[Date "1994.??.??"]
[Round "7"]
[White "Seybold, B."]
[Black "Lematschko, Tatjana"]
[Result "0-1"]
[WhiteElo "2095"]
[BlackElo "2285"]

1.Nf3 d5 2.g3 c5 3.Bg2 Nc6 4.d4 e6 5.O-O Nf6 6.c4 dxc4 7.Qa4 Bd7 8.dxc5 Bxc5
9.Qxc4 Qe7 10.Nc3 h6 11.e4 e5 12.Nd5 Nxd5 13.exd5 Nd4 14.Nxd4 Bxd4 15.Re1 Bc5
16.Bf4 f6 17.Be3 Bd6 18.Rac1 b6 19.f4 O-O 20.fxe5 fxe5 21.Be4 Kh8 22.Qe2 Rac8
23.Qh5 Qf7 24.Bg6 Qf3 25.Qxf3 Rxf3 26.Rxc8+ Bxc8 27.Bf4 Bb7 28.Be4 Bc5+ 29.Kh1 Rf2
30.Bxe5 Rd2 31.Bc3 Rxd5 32.Kg2 Rd7 33.Bxb7 Rxb7 34.Re6 Kg8 35.Rg6 Rd7 36.h4 Bd4
37.a4 Bxc3 38.bxc3 Rc7 39.a5 bxa5 40.Ra6 Rxc3 41.Rxa5 Rc7 42.Kf3 Re7 43.Rd5 Kf7
44.Rd6 Rb7 45.g4 Rb3+ 46.Kf4 Rb4+ 47.Kf3 a5 48.Ra6 Ra4 49.h5 Ra1 50.Ra7+ Kg8
51.Ke4 a4 52.Ra8+ Kh7 53.Kf3 a3 54.Kg2 a2 55.Kh2 g5 56.Ra7+ Kg8 57.Kg2 Kf8
58.Kh2 Ke8 59.Kg2 Kd8 60.Kh2 Kc8 61.Kg2 Kb8 62.Ra3 Kb7 63.Kh2 Kb6 64.Kg2 Kb5
65.Ra8 Kc4 66.Kh2 Kc3 67.Rc8+ Kd3 68.Ra8 Rc1 69.Ra3+ Rc3 70.Ra8 Rc2+ 71.Kg3 Kd2  0-1

[Event "SWZ-chT"]
[Site "SWZ"]
[Date "1994.??.??"]
[Round "7"]
[White "Giertz, Niklaus"]
[Black "Gruenenwald, Evi"]
[Result "1-0"]
[WhiteElo "2265"]
[BlackElo "1975"]

1.Nf3 d5 2.g3 c5 3.Bg2 Nc6 4.c4 d4 5.O-O Nf6 6.d3 e5 7.e3 Be7 8.exd4 exd4
9.Bf4 O-O 10.Ne5 Nxe5 11.Bxe5 Bd6 12.Bxd6 Qxd6 13.Re1 Bd7 14.Nd2 Bc6 15.Bxc6 Qxc6
16.Qf3 Qxf3 17.Nxf3 Rfe8 18.a3 Rxe1+ 19.Rxe1 Re8 20.Rb1 Rd8 21.b4 cxb4 22.axb4 Kf8
23.Kf1 h6 24.b5 Nd7 25.Ra1 a6 26.bxa6 bxa6 27.Rxa6 Nc5 28.Ra3 Ke7 29.Ne5 Ke6
30.Nc6 Rd6 31.Nb4 Kf6 32.Ra5 Ne6 33.Nd5+ Kg6 34.f4 Kh7 35.f5 Nd8 36.Ra7 h5
37.Kf2 Kh6 38.h4 g5 39.Kf3 Nc6 40.Rc7 Ne5+ 41.Ke4 Ng4 42.Rxf7 gxh4 43.gxh4 Nf2+
44.Kxd4 Nxd3 45.Rf6+ Rxf6 46.Nxf6 Ne1 47.c5 Nf3+ 48.Ke4 Nd2+ 49.Kd5 Nf3 50.c6 Nxh4
51.Ke4 Kg5 52.Nh7+ Kg4 53.f6 Nf5 54.f7 h4  1-0

[Event "SWZ-chT"]
[Site "SWZ"]
[Date "1994.??.??"]
[Round "7"]
[White "Von Allmen, Alain"]
[Black "Kamber, Bruno"]
[Result "0-1"]
[WhiteElo "2160"]
[BlackElo "2345"]

1.Nf3 d5 2.g3 c6 3.Bg2 Nf6 4.b3 Bg4 5.Bb2 Nbd7 6.O-O e6 7.d3 a5 8.Nbd2 a4
9.a3 axb3 10.cxb3 Bd6 11.Ra2 O-O 12.Qa1 Re8 13.b4 h6 14.h3 Bh5 15.Re1 e5
16.e4 Bxf3 17.Bxf3 d4 18.Nc4 Bc7 19.a4 b5 20.axb5 cxb5 21.Na5 Bxa5 22.Rxa5 Rxa5
23.bxa5 Nc5 24.Ba3 Nb3 25.Qb2 Qxa5 26.Rd1 Qc3 27.Be2 Ra8 28.Rb1 Qxb2 29.Bxb2 Ra2  0-1

[Event "SWZ-chT"]
[Site "SWZ"]
[Date "1994.??.??"]
[Round "8"]
[White "Von Allmen, Alain"]
[Black "Geiser, Laurent"]
[Result "1-0"]
[WhiteElo "2160"]
[BlackElo "2145"]

1.Nf3 d5 2.g3 Nf6 3.Bg2 Bg4 4.Ne5 h5 5.c4 Nc6 6.Nxg4 hxg4 7.cxd5 Nxd5 8.d4 e6
9.e3 f5 10.Nc3 Qd7 11.Bd2 O-O-O 12.Qe2 Ncb4 13.O-O-O Nxc3 14.bxc3 Nxa2+ 15.Kb2 Qa4
16.Ra1 Ba3+ 17.Kxa2 Rd6 18.Qd1 Qa5 19.Qb3 Rb6 20.Qxa3 Qb5 21.Rab1 Qe2 22.Rxb6 cxb6
23.Qb2 e5 24.Bc1 Qa6+ 25.Kb1 e4 26.Bf1 Qa4 27.Bb5  1-0

[Event "SWZ-chT"]
[Site "SWZ"]
[Date "1994.??.??"]
[Round "9"]
[White "Seybold, B."]
[Black "Benz, Rolf"]
[Result "1-0"]
[WhiteElo "2095"]
[BlackElo "2185"]

1.Nf3 d5 2.g3 c6 3.d3 g6 4.Bg2 Bg7 5.O-O Nf6 6.Nbd2 O-O 7.e4 Bg4 8.h3 Bxf3
9.Qxf3 Nbd7 10.Re1 Qc7 11.Qe2 e6 12.c3 Rad8 13.e5 Nh5 14.Nf3 f5 15.exf6 Ndxf6
16.Bg5 Rde8 17.Qe3 Nd7 18.Qxa7 Nb6 19.Qa3 Rf7 20.Qc5 h6 21.Bd2 e5 22.Qe3 Nc8
23.d4 e4 24.Ne5 Bxe5 25.dxe5 Qxe5 26.Qxh6 Ne7 27.Qg5 Rf5 28.Qe3 Ref8 29.g4 Rxf2
30.gxh5 Rxg2+ 31.Kxg2 Rf3 32.Qg5 Nf5 33.Re3 Rf4 34.Rg3 Nh4+ 35.Kh1  1-0

[Event "Tastrup"]
[Site "Tastrup"]
[Date "1994.??.??"]
[Round "8"]
[White "Jakobsen, Ole"]
[Black "Bang, Andreas"]
[Result "1/2-1/2"]
[WhiteElo "2375"]
[BlackElo "2310"]

1.Nf3 d5 2.g3 Bg4 3.Bg2 Nd7 4.d4 e6 5.O-O Bd6 6.c4 c6 7.Qb3 Qb8 8.Nc3 Ngf6
9.Bg5 O-O 10.Nd2 h6 11.Bxf6 Nxf6 12.e4 dxe4 13.Ndxe4 Nxe4 14.Nxe4 Rd8 15.h3 Bf5
16.Rad1 Qc7 17.Qc3 Rac8 18.Rd2 Be7 19.Rfd1 Bxe4 20.Bxe4 Bf6 21.Qb3 Rd6 22.d5 exd5
23.cxd5 Rcd8 24.Qc4 g6 25.b4 Kg7 26.Rd3 Qb6 27.a4 cxd5 28.Bxd5 R8d7 29.a5 Qd8
30.Kg2 a6 31.h4 b6 32.axb6 Qxb6 33.Qc5 Qd8 34.Qc4 Qb6 35.Qc5 Qb8 36.Qc4 Qb5  1/2-1/2

[Event "ISR-ch"]
[Site "Tel Aviv"]
[Date "1994.??.??"]
[Round "6"]
[White "Gamayev, Oleg"]
[Black "Gurevich, Gregory"]
[Result "1/2-1/2"]
[WhiteElo "2180"]
[BlackElo "2350"]

1.Nf3 d5 2.g3 Nf6 3.Bg2 Bg4 4.O-O e6 5.c4 Nbd7 6.cxd5 exd5 7.d3 Be7 8.Nc3 O-O
9.Bd2 Re8 10.Rc1 c6 11.a3 a5 12.Rb1 Bd6 13.b4 Ne5 14.Nxe5 Bxe5 15.Re1 Qe7
16.Qc1 axb4 17.axb4 Qd6 18.Qc2 Ra3 19.Na4 Ra8 20.Nc5 Ra2 21.Qc1 Qc7 22.Nb3 Qd7
23.Nc5 Qe7 24.Nb3 Bd6 25.Nd4 Be5 26.Nb3 Be6 27.Bc3 Nd7 28.Bf3 Bd6 29.Nd4 Ne5
30.Bg2 Bd7 31.Rb2 Rxb2 32.Qxb2 f6 33.Nc2 h5 34.Ra1 Rxa1+ 35.Qxa1 Bg4 36.Bf1 h4
37.Qb1 Nf7 38.Ne3 Bd7 39.Nc2 Ng5 40.Qc1 Qe6 41.Bd4 Nh3+ 42.Kg2 Qg4 43.Qe3 Kf7
44.Bc5 Nf4+ 45.Kg1 Bxc5 46.bxc5 Ne6 47.d4 Ng5 48.f3 Qf5 49.Qb3 Bc8 50.Bg2 Kg6
51.Ne1 Kh6 52.Nd3 Ne6 53.Qb2 Qg5 54.Kf2 f5 55.Ne5 Qf6 56.Qa1 Kh7 57.e3 Nf8
58.Qa8 Qe6 59.Bf1 Ng6 60.Nd3 Qd7 61.Qb8 Qd8 62.Nb2 hxg3+ 63.hxg3 f4 64.exf4 Qa5
65.Qxc8 Qd2+ 66.Be2 Qxd4+ 67.Kf1 Qxb2 68.Qh3+ Kg8 69.Qe6+ Kh7 70.Qh3+  1/2-1/2

[Event "Ticino op"]
[Site "Ticino"]
[Date "1994.??.??"]
[Round "6"]
[White "Terreaux, Gilles"]
[Black "Sher, Miron N"]
[Result "0-1"]
[WhiteElo "2230"]
[BlackElo "2520"]

1.Nf3 d5 2.g3 Bg4 3.Bg2 c6 4.O-O Nd7 5.d4 e6 6.Nbd2 f5 7.c4 Bd6 8.Qb3 Rb8
9.Re1 Qe7 10.h3 Bh5 11.cxd5 cxd5 12.e4 fxe4 13.Nxe4 dxe4 14.Rxe4 Bf7 15.Ng5 Ngf6
16.Nxf7 Kxf7 17.Bg5 Rhe8 18.Rae1 Nf8 19.f4 Qd7 20.Bxf6 Kxf6 21.g4 g6 22.f5 exf5
23.gxf5 gxf5 24.Rf1 Rxe4 25.Bxe4 f4 26.Qd5 Qe6  0-1

[Event "Tilburg rapid20"]
[Site "Tilburg"]
[Date "1994.??.??"]
[Round "1"]
[White "Karlsson, Lars"]
[Black "Rozentalis, Eduardas"]
[Result "1/2-1/2"]
[WhiteElo "2500"]
[BlackElo "2595"]

1.g3 d5 2.Nf3 c6 3.Bg2 Bg4 4.Ne5 Bh5 5.d4 Nd7 6.O-O e6 7.c4 Bd6 8.cxd5 exd5
9.Nxd7 Qxd7 10.Nc3 Ne7 11.Qa4 O-O 12.Bg5 h6 13.Bxe7 Qxe7 14.Rfe1 f5 15.e3 g5
16.Qc2 Kh8 17.a3 a5 18.Na4 Qg7 19.Nc5 Rae8 20.b4 axb4 21.axb4 Bg6 22.Qc3 h5
23.b5 h4 24.Ra7 Rf7 25.bxc6 bxc6 26.Rxf7 Qxf7 27.Nd3 hxg3 28.hxg3 f4 29.exf4 Rxe1+
30.Nxe1 gxf4 31.gxf4 Qe8 32.Nf3 Bxf4 33.Ne5 Bxe5 34.dxe5 Kh7 35.f4 Bf5 36.Qg3 Qe7
37.Kh2 Qe6 38.Qh4+ Qh6 39.Kg3 Qxh4+ 40.Kxh4 Kg6 41.Kg3  1/2-1/2

[Event "Tilburg rapid20"]
[Site "Tilburg"]
[Date "1994.??.??"]
[Round "2"]
[White "Vaganian, Rafael A"]
[Black "Dokhoian, Yury"]
[Result "1-0"]
[WhiteElo "2645"]
[BlackElo "2580"]

1.g3 d5 2.Nf3 Nf6 3.Bg2 e6 4.O-O Be7 5.c4 O-O 6.Qc2 c5 7.d4 cxd4 8.Nxd4 Nc6
9.Nxc6 bxc6 10.Rd1 a5 11.Nc3 Ba6 12.b3 Qb6 13.Na4 Qb7 14.Rb1 Rfd8 15.Bd2 Bb4
16.Bg5 Be7 17.e4 dxe4 18.Bxf6 Bxf6 19.Qxe4 Rac8 20.Rxd8+ Rxd8 21.Qxc6 Qxc6
22.Bxc6 Be7 23.Kf1 Rd2 24.Rb2 Rd8 25.Ke2 Bb4 26.Rc2 Rd6 27.Bb5 Bb7 28.c5 Rd5
29.c6 Re5+ 30.Kf1 Rxb5 31.cxb7 Rxb7 32.Rc8+ Bf8 33.Nc5 Re7 34.Rd8 f6 35.Nd7 Rf7
36.Ke2 g6 37.a4 Kg7 38.Nxf8 Rxf8 39.Rxf8 Kxf8 40.b4 Ke7 41.bxa5 Kd6 42.Kd3 Kc5
43.f4 h6 44.h3 h5 45.g4 h4 46.g5  1-0

[Event "JUG-ch"]
[Site "Tivat"]
[Date "1994.??.??"]
[Round "?"]
[White "Abramovic, Bosko"]
[Black "Drasko, Milan"]
[Result "0-1"]
[WhiteElo "2500"]
[BlackElo "2545"]

1.Nf3 d5 2.g3 c6 3.Bg2 Bg4 4.d3 Nd7 5.Nbd2 e6 6.e3 Bd6 7.Qe2 Ne7 8.h3 Bh5
9.g4 Bg6 10.Nh4 Qa5 11.c3 Qa6 12.Nxg6 hxg6 13.Nb3 e5 14.f4 f5 15.Bd2 O-O-O
16.Bf1 Rde8 17.Qg2 exf4 18.exf4 Qa4 19.d4 fxg4 20.O-O-O c5 21.Nxc5 Nxc5 22.dxc5 Bxc5
23.Qxg4+ Kb8 24.Bd3 Qxa2 25.Bb1 Qa1 26.Rhe1 Rc8 27.Qd7 Rhd8 28.Qb5 Nf5 29.Qb3 d4
30.Qa2 Qxa2 31.Bxa2 dxc3 32.bxc3 Ba3+ 33.Kb1 Rc6 34.Bb3 Rcd6 35.Ka2 Bc5 36.Bc1 Rxd1
37.Bxd1 Rd3 38.Bb2 Rxh3 39.Re6 Rg3 40.Bb3 Kc7 41.Re8 b5 42.Bd5 Ne7 43.Be4 Re3
44.Bb1 a5 45.c4 bxc4 46.Be5+ Kd7 47.Ra8 Re2+ 48.Ka1 Nc6 49.Bxg7 Bd4+ 50.Bxd4 Nxd4
51.Bxg6 c3 52.Kb1 Rb2+ 53.Kc1 Nb3+ 54.Kd1 Rd2+ 55.Ke1 c2  0-1

[Event "JUG-ch"]
[Site "Tivat"]
[Date "1994.??.??"]
[Round "9"]
[White "Lazic, Miroljub"]
[Black "Miladinovic, Igor"]
[Result "1/2-1/2"]
[WhiteElo "2505"]
[BlackElo "2480"]

1.g3 d5 2.Nf3 Nf6 3.Bg2 c6 4.O-O Bg4 5.b3 Nbd7 6.Bb2 e6 7.c4 Bd6 8.d3 O-O
9.Na3 Re8 10.Nc2 Rc8 11.Qd2 Bxf3 12.Bxf3 b5 13.Bg2 Qb6 14.b4 bxc4 15.dxc4 Be5
16.c5 Qb7 17.Bxe5 Nxe5 18.Rfb1 a5 19.Qc3 Ned7 20.a3 e5 21.e3 Qa7 22.Rb2 h5
23.Rab1 Rc7 24.Ne1 e4 25.Bf1 Ne5 26.bxa5 Nfd7 27.Rb6 Qa8 28.a6 Ra7 29.Nc2 Nd3
30.Bxd3 exd3 31.Nb4 Nxb6 32.cxb6 Rxa6 33.Nxa6 Qxa6 34.Qxc6 Rf8 35.Qxd5 Qxa3
36.Rb3 Qc1+ 37.Kg2 d2 38.Rd3 Qb1 39.Qd6 h4 40.Rxd2 Qe4+ 41.f3 h3+ 42.Kf2 Qb1
43.g4 Re8 44.Qc7 Qh1 45.Qg3 Qb1 46.Qxh3 Qxb6 47.Re2 Rd8 48.Qg3 Rd1 49.Kg2 Ra1
50.Qe5 Qb1 51.Qe8+ Kh7 52.Qe4+ Qxe4 53.fxe4 g5 54.Rd2 Kg7 55.Rd5 Kf6 56.Rf5+ Kg6
57.Rf2 Re1 58.Kf3 Kf6 59.Rc2 Rf1+ 60.Kg2 Re1 61.Kf3 Rf1+ 62.Rf2 Re1 63.Re2 Ra1
64.Kg2 Kg6 65.Rb2 Re1 66.Kf3 Rf1+ 67.Rf2 Ra1 68.h3 Rh1 69.Kg2 Re1 70.Rf3 Re2+
71.Kg3 Re1 72.e5 Rb1 73.Kg2 Ra1 74.Kf2 Ra2+ 75.Ke1 Rh2 76.Kf1 Kg7 77.Kg1 Re2
78.Rf5 Kg6 79.Rf6+ Kg7 80.Rf3 Kg6 81.Kf1 Rh2 82.Ke1 Kg7  1/2-1/2

[Event "JUG-ch"]
[Site "Tivat"]
[Date "1994.??.??"]
[Round "11"]
[White "Kosic, Dragan"]
[Black "Ilincic, Zlatko"]
[Result "1/2-1/2"]
[WhiteElo "2515"]
[BlackElo "2530"]

1.Nf3 d5 2.g3 Nf6 3.Bg2 Bg4 4.O-O Nbd7 5.d3 e6 6.Nbd2 Be7 7.h3 Bh5 8.Qe1 O-O
9.e4 dxe4 10.dxe4 Bg6 11.Nh4 Ne8 12.Nxg6 hxg6  1/2-1/2

[Event "JUG-ch"]
[Site "Tivat"]
[Date "1994.??.??"]
[Round "13"]
[White "Vukic, Milan"]
[Black "Lazic, Miroljub"]
[Result "1/2-1/2"]
[WhiteElo "2425"]
[BlackElo "2505"]

1.Nf3 d5 2.g3 c6 3.Bg2 Bg4 4.b3 Nd7 5.Bb2 Ngf6 6.O-O Bxf3 7.Bxf3 e5 8.d3 Bc5
9.e3 Qe7 10.c4 O-O 11.cxd5 Nxd5 12.d4 exd4 13.exd4 Bd6 14.Re1 Qf6 15.a3 Rfe8
16.Nd2 Bc7 17.Ne4 Qf5 18.Bg4 Qg6 19.Qf3 N7f6 20.Bf5 Qh6 21.Bc1 Qh5 22.Qxh5 Nxh5
23.Bg5 h6 24.Bd2 Nhf6 25.Nc5 Rab8 26.b4 Nb6 27.Rxe8+ Nxe8 28.Re1 Nf6 29.Bd3 Bd6
30.Kf1 Nbd5 31.Rc1 Kf8 32.Bf5 Ne7 33.Bh3 Ned5 34.Ke2 Re8+ 35.Kd3 Rb8 36.f3 Nc7
37.Ne4 Nxe4 38.fxe4 Rd8 39.a4 Ke7 40.Ke3 Ne6 41.Bc3 Bc7 42.Rd1 Ng5 43.Bf1 a6
44.a5 Bb8 45.Bg2 f6 46.Rd2 Nf7 47.Bf1 Ba7 48.h4 Nd6 49.Bd3 h5 50.Bb2 Ke6
51.Kf3 Ke7 52.Ba1 Rd7 53.d5 Nb5 54.Bc4 Bb8 55.Bxb5 axb5 56.Bd4 cxd5 57.exd5 Bd6
58.Bc5 Rc7 59.Rc2 Kd7 60.g4 hxg4+ 61.Kxg4 g6 62.h5 gxh5+ 63.Kxh5 Bxc5 64.bxc5 b4
65.Kg6 b3 66.Rc3 b2 67.Rb3 Rxc5  1/2-1/2

[Event "JUG-ch"]
[Site "Tivat"]
[Date "1994.??.??"]
[Round "13"]
[White "Kosic, Dragan"]
[Black "Miladinovic, Igor"]
[Result "1/2-1/2"]
[WhiteElo "2515"]
[BlackElo "2480"]

1.Nf3 d5 2.g3 Nc6 3.Bg2 e5 4.d3 Be6 5.c3 f6 6.b4 Qd7 7.O-O Nge7 8.b5 Nd8
9.a4 g5 10.Nbd2 g4 11.Nh4 Ng6 12.e4 Nxh4 13.gxh4 d4 14.cxd4 Qxd4 15.Qc2 a5
16.Bb2 Qc5 17.Bc3 Qb6 18.Rfc1 Bh6 19.Rd1 Nf7 20.Nb3 Bxb3 21.Qxb3 c5 22.Qc4 Nd8
23.h3 Qe6 24.Qxe6+ Nxe6 25.hxg4 Rg8 26.Kf1 Ke7 27.Bf3 b6 28.Ra3 Rad8 29.Bb2 Bf4
30.Ke2 h6 31.Rb1 Rd6 32.Kf1 Rgd8 33.Be2 Bd2 34.Rd1 Bf4 35.Raa1 Kf7 36.Kg2 Kg7
37.Bc3 Nd4 38.Bxd4 Rxd4 39.Rdb1 Kf7 40.Ra2 Kg7 41.Rb3 Kf7 42.Kf3 Kg7  1/2-1/2

[Event "SVK-ch"]
[Site "Topolcianky"]
[Date "1994.??.??"]
[Round "6"]
[White "Sergeev, Vladimir"]
[Black "Stajcic, Nikola"]
[Result "1/2-1/2"]
[WhiteElo "2445"]
[BlackElo "2360"]

1.Nf3 d5 2.g3 c6 3.Bg2 Bg4 4.b3 Nd7 5.Bb2 Ngf6 6.O-O e6 7.d3 Be7 8.Nbd2 O-O
9.c4 h6 10.a3 a5 11.Ra2 Re8 12.Qa1 b5 13.cxb5 cxb5 14.Rc1 Qb6 15.Bd4 Qb7
16.Rac2 Rec8 17.a4 bxa4 18.Qxa4 Rxc2 19.Rxc2 Bb4 20.h3 Bxf3 21.Nxf3 Rc8 22.Qa2 Rc6
23.Qb2 Qc7 24.Rxc6 Qxc6 25.Ne5 Nxe5 26.Bxe5 Be7 27.e4 dxe4 28.dxe4 Qb6 29.Bf3 Qb5
30.Kg2 a4 31.bxa4 Qxa4 32.Qb8+ Qe8 33.Qc7 Qd8 34.Qc3 Qb6 35.Bd4 Qb4 36.Qc8+ Bf8
37.Qd8 Nxe4 38.Bxe4 e5 39.Bd5 Qxd4 40.Qd7 Qc5 41.Qxf7+ Kh7 42.Qf5+ Kh8 43.Qf7 Kh7
44.h4 Qe7 45.Qg8+ Kg6 46.f3 Qe8 47.g4 Kf6 48.Kh3 Ke7 49.Qe6+ Kd8 50.Qb6+ Ke7
51.Qe6+ Kd8 52.Qb6+ Ke7 53.Qc7+ Kf6 54.Kg3 Qe7 55.Qb8 g6 56.Be4 Kg7  1/2-1/2

[Event "Vantaa op2"]
[Site "Vantaa"]
[Date "1994.??.??"]
[Round "4"]
[White "Sepp, Olav"]
[Black "Koskinen, Henri"]
[Result "1-0"]
[WhiteElo "2485"]
[BlackElo "2275"]

1.Nf3 d5 2.g3 c6 3.Bg2 Bg4 4.b3 Nd7 5.Bb2 e6 6.O-O Ngf6 7.d3 Be7 8.Nbd2 O-O
9.h3 Bxf3 10.Nxf3 a5 11.a3 Ne8 12.e4 a4 13.exd5 cxd5 14.b4 Bf6 15.Bxf6 Ndxf6
16.c4 Nd6 17.Rc1 Qb8 18.Qe2 Rc8 19.Nd4 Re8 20.c5 e5 21.cxd6 exd4 22.Qb2 Qxd6
23.Qxd4 Qe5 24.Qxe5 Rxe5 25.Bf3 Rae8 26.Rc5 b6 27.Rb5 R8e6 28.Kg2 Rd6 29.Rc1 g5
30.Rc8+ Kg7 31.Ra8 h5 32.g4 hxg4 33.hxg4 Ne8 34.Ra7 Nf6 35.Rxa4 Re1 36.Ra6 Ra1
37.a4 Ra3 38.a5  1-0

[Event "Vantaa op2"]
[Site "Vantaa"]
[Date "1994.??.??"]
[Round "6"]
[White "Sepp, Olav"]
[Black "Rytshagov, Mikhail"]
[Result "1/2-1/2"]
[WhiteElo "2485"]
[BlackElo "2480"]

1.Nf3 d5 2.g3 g6 3.Bg2 Bg7 4.O-O e5 5.d3 Ne7 6.e4 O-O 7.Nbd2 Nbc6 8.c3 h6
9.exd5 Nxd5 10.Re1 Re8 11.Nc4 Bf5 12.Nh4 Be6 13.Nf3 Bf5 14.Nh4 Be6 15.Nf3  1/2-1/2

[Event "Balkaniad"]
[Site "Varna"]
[Date "1994.??.??"]
[Round "5"]
[White "Dumitrache, Dragos"]
[Black "Miladinovic, Igor"]
[Result "1/2-1/2"]
[WhiteElo "2395"]
[BlackElo "2480"]

1.Nf3 d5 2.g3 Nc6 3.c4 d4 4.Bg2 e5 5.O-O Nf6 6.d3 a5 7.e3 Be7 8.exd4 exd4
9.Na3 O-O 10.Nc2 h6 11.b3 Bg4 12.h3 Bf5 13.Bb2 Bc5 14.a3 Qd7 15.Kh2 Ra6 16.b4 axb4
17.axb4 Rxa1 18.Qxa1 Bxd3 19.bxc5 Bxc2 20.Nxd4 Nxd4 21.Bxd4 Be4 22.Bxf6 Bxg2
23.Kxg2 Qc6+ 24.Kg1 gxf6 25.Qd4 Re8 26.Qg4+ Kf8 27.Qh5 Kg7 28.Qg4+ Kf8 29.Qf4 Kg7  1/2-1/2

[Event "Vienna op"]
[Site "Vienna"]
[Date "1994.??.??"]
[Round "5"]
[White "Erhart, Helmut"]
[Black "Stajcic, Nikola"]
[Result "0-1"]
[WhiteElo "2065"]
[BlackElo "2350"]

1.Nf3 d5 2.g3 c6 3.Bg2 Bg4 4.O-O Nd7 5.b3 e5 6.d3 Be7 7.Bb2 Ngf6 8.Nbd2 O-O
9.h3 Bh5 10.e4 Re8 11.Qe1 Bg6 12.Nh4 a5 13.a4 Nc5 14.Nxg6 hxg6 15.Qe2 Ne6
16.Rae1 Qc7 17.Qd1 Rad8 18.Kh1 dxe4 19.Nxe4 Nxe4 20.Rxe4 f6 21.Re2 Bc5 22.Qa1 Kf7
23.Qb1 Rh8 24.c3 Qd7 25.Rd1 Ng5 26.h4 Qg4 27.Rde1 Rxh4+ 28.gxh4 Rh8 29.d4 Rxh4+  0-1

[Event "Vladivostok"]
[Site "Vladivostok"]
[Date "1994.??.??"]
[Round "1"]
[White "Shuraev, Andrei"]
[Black "Nenashev, Alexander"]
[Result "1/2-1/2"]
[WhiteElo "2410"]
[BlackElo "2575"]

1.Nf3 d5 2.g3 c6 3.Bg2 Bg4 4.O-O Nd7 5.d3 e5 6.h3 Bh5 7.c4 dxc4 8.dxc4 Ngf6
9.Be3 Be7 10.Nh4 Bg6 11.Nc3 O-O 12.Nxg6 hxg6 13.Qc2 Bc5 14.Bg5 Bd4 15.Ne4 Qb6
16.Bxf6 Nxf6 17.c5 Qb4 18.Nxf6+ gxf6 19.Rfc1 Rfd8 20.Rab1 Bxc5 21.a3 Qb6
22.e3 f5 23.Bf1 Bf8 24.Bc4 Rd6 25.Qb3 Qxb3 26.Bxb3 Rad8 27.Rd1 f4 28.Rxd6 Bxd6
29.Rd1 fxe3 30.fxe3 Kg7 31.Kg2 f5 32.e4 fxe4 33.Bc2 e3 34.Rd3 e2 35.Kf2 e4
36.Rb3 Bc5+ 37.Kxe2 e3 38.Rxb7+ Kh6 39.Bd3 Rf8 40.Rc7 Rf2+ 41.Ke1 Rxb2 42.Rxc6 Bxa3
43.Bc2 Rb6 44.Rxb6 axb6 45.Ke2 Bc5 46.Kf3 b5 47.Bd3 b4 48.Bc2 g5 49.Ke2 Kg7
50.Kd3 Kf6 51.Bd1 Kf5 52.Bg4+ Ke5 53.Bd1 Kf5 54.Bg4+ Kf6 55.Bd1 Ke5 56.Bb3 Bd4
57.Bc4 Bc5 58.Bb3 Kd6 59.Bd1 Ke6 60.Bb3+ Kf6  1/2-1/2

[Event "Vladivostok"]
[Site "Vladivostok"]
[Date "1994.??.??"]
[Round "4"]
[White "Semeniuk, Alexander A"]
[Black "Yakovich, Yuri"]
[Result "0-1"]
[WhiteElo "2395"]
[BlackElo "2515"]

1.Nf3 d5 2.g3 c6 3.Bg2 Bg4 4.b3 Nd7 5.Bb2 Ngf6 6.O-O e6 7.h3 Bh5 8.d3 Bc5
9.Nbd2 O-O 10.e4 a5 11.a3 Qb8 12.e5 Ne8 13.Qe2 Nc7 14.d4 Be7 15.c4 Qa7 16.Rac1 Rfd8
17.Rfe1 Rac8 18.Qe3 a4 19.b4 dxc4 20.Nxc4 Nb6 21.Nxb6 Qxb6 22.Nd2 Nb5 23.Ne4 Qa7
24.Nc5 Bg6 25.f4 b6 26.Ne4 Bxe4 27.Bxe4 c5 28.Bxh7+ Kxh7 29.Qd3+ Kg8 30.Qxb5 cxb4
31.axb4 Rxc1 32.Rxc1 a3 33.Ba1 Qb7 34.Rc6 Rc8 35.Rxc8+ Qxc8 36.Kf2 Qc2+ 37.Qe2 Qb1
38.Bc3 a2 39.Qb2 Bxb4  0-1

[Event "Wattens op"]
[Site "Wattens"]
[Date "1994.??.??"]
[Round "6"]
[White "Grab, Ratko"]
[Black "Hofmann, Bernhard"]
[Result "0-1"]
[WhiteElo "1980"]
[BlackElo "1830"]

1.Nf3 d5 2.g3 Nf6 3.Bg2 Bf5 4.c4 e6 5.O-O Be7 6.Qb3 Qc8 7.Nc3 c6 8.d3 O-O
9.Nh4 Bg4 10.Nf3 Nbd7 11.e4 Nc5 12.Qc2 dxe4 13.dxe4 Bxf3 14.Bxf3 e5 15.Be3 Rd8
16.a3 Ne6 17.Rad1 Qc7 18.b4 a5 19.Qb2 axb4 20.axb4 Nd7 21.Bg4 Ndf8 22.c5 Bf6
23.Rxd8 Rxd8 24.Na4 Bg5 25.Nb6 Bxe3 26.fxe3 f6 27.Nc4 Kh8 28.Qb3 Qe7 29.Nd6 Ra8
30.Rd1 Rd8 31.Ra1 g6 32.Ra7 Rb8 33.Qc4 Nd8 34.b5 Qg7 35.b6 Qh6 36.Qb3 Qg7
37.Qa2 Qh6 38.Qf2 Qg7 39.Ne8 Qe7 40.Qxf6+ Qxf6 41.Nxf6 Nf7 42.Be2 Ng5 43.Bc4 Kg7
44.Ne8+ Rxe8 45.Rxb7+ Kh6 46.Rc7 Nxe4 47.Rxc6 Nd7 48.Bb5 Rb8 49.Ba6 Nexc5
50.Bc8 Rxb6 51.Rc7 Rd6 52.Kg2 Kg5 53.e4 Kf6 54.h4 Ke7 55.Kf3 Kd8  0-1

[Event "Werfen op"]
[Site "Werfen"]
[Date "1994.??.??"]
[Round "?"]
[White "Muhutdinov, Marat"]
[Black "Besner, Bernhard"]
[Result "1-0"]
[WhiteElo "2490"]
[BlackElo "2060"]

1.Nf3 d5 2.g3 Nf6 3.Bg2 e6 4.c4 c6 5.b3 Be7 6.O-O Nbd7 7.Bb2 O-O 8.d3 Re8
9.Nbd2 b6 10.e4 h6 11.e5 Nh7 12.Qe2 Bb7 13.h4 c5 14.d4 dxc4 15.Nxc4 b5 16.Nd6 Bxd6
17.exd6 cxd4 18.Nxd4 Bxg2 19.Kxg2 a6 20.Nc6 Qb6 21.Qf3 Nhf6 22.Bd4 Nc5 23.b4 Nd5
24.Ne7+ Nxe7 25.Bxc5 Nd5 26.Bxb6 Nxb6 27.Rfd1 Red8 28.Rac1 Nd5 29.Rxd5 exd5
30.Rc7  1-0

[Event "Werfen op"]
[Site "Werfen"]
[Date "1994.??.??"]
[Round "?"]
[White "Kraschl, Joerg"]
[Black "Hresc, Vladimir"]
[Result "0-1"]
[WhiteElo "2210"]
[BlackElo "2420"]

1.Nf3 d5 2.g3 Nf6 3.Bg2 c5 4.O-O Nc6 5.d3 Bg4 6.c4 e6 7.cxd5 exd5 8.Bg5 Be7
9.Nc3 O-O 10.Qa4 Be6 11.d4 cxd4 12.Nxd4 Nxd4 13.Qxd4 h6 14.Bxf6 Bxf6 15.Qd3 Qa5
16.Nxd5 Bxb2 17.Rab1 Rfd8 18.Rxb2 Bxd5 19.Rb5 Bxg2 20.Rxa5 Rxd3 21.Kxg2 Rd7
22.Rc1 a6 23.Rac5 Kf8 24.Kf3 Ke7 25.R1c2 Rad8 26.h4 Rd5 27.Rxd5 Rxd5 28.e4 Rb5
29.Kf4 Kd6 30.f3 Ra5 31.Rd2+ Ke6 32.Rb2 b5 33.h5 Ra4 34.Rc2 b4 35.g4 a5 36.Rd2 Ra3
37.e5 Ra4 38.Rd6+ Ke7 39.Kf5 Rxa2 40.Rb6 Kd8 41.e6 fxe6+ 42.Kg6 Kc7 43.Rb5 Kc6
44.Rb8 e5 45.Kxg7 e4 46.fxe4 Rg2 47.Kf6 Rxg4 48.e5 Rf4+ 49.Ke7 a4 50.e6 a3
51.Ra8 Kb7 52.Ra4 Kb6 53.Kd7 Rd4+ 54.Kc8 Re4 55.Kd7 Kb5 56.Ra8 Kc4 57.e7 Kc3
58.e8=Q Rxe8 59.Kxe8 Kb2 60.Kf7 b3 61.Kg6 Ka2  0-1

[Event "Werfen op"]
[Site "Werfen"]
[Date "1994.??.??"]
[Round "?"]
[White "Staller, Peter"]
[Black "Knopp, Ingmar"]
[Result "1-0"]
[WhiteElo "2385"]
[BlackElo "1865"]

1.Nf3 d5 2.g3 g6 3.Bg2 Bg7 4.d4 Nf6 5.O-O Nbd7 6.c4 c6 7.cxd5 cxd5 8.Nc3 O-O
9.Qb3 Nb6 10.Ne5 Be6 11.Nd3 Ne4 12.Nf4 Bf5 13.Nfxd5 Nxd5 14.Qxd5 Qxd5 15.Nxd5 Bxd4
16.e3 Bf6 17.g4  1-0

[Event "Werfen op-B"]
[Site "Werfen"]
[Date "1994.??.??"]
[Round "3"]
[White "Ortner, Ronald"]
[Black "Walitow, Amir"]
[Result "0-1"]
[WhiteElo "1755"]
[BlackElo "1850"]

1.Nf3 d5 2.g3 e6 3.d4 c5 4.c3 Nc6 5.Bg2 Nf6 6.O-O Be7 7.dxc5 Bxc5 8.Bf4 O-O
9.e3 h6 10.h4 Be7 11.Ne5 Nxe5 12.Bxe5 Nd7 13.f4 Nxe5 14.fxe5 Qb6 15.Qe2 Qc7
16.Qh5 Bc5 17.Rf3 Qb6 18.Na3 Bxe3+ 19.Kh1 g6 20.Qg4 h5 21.Qh3 Qxb2 22.Raf1 Qxc3
23.g4 hxg4 24.Qxg4 Qxe5 25.h5 Qg5 26.Qxg5 Bxg5 27.hxg6 f6 28.Nb5 Bd7 29.Nd6 Kg7
30.Nf7 Bc6 31.Nxg5 fxg5 32.Rf7+ Rxf7 33.gxf7 Rf8 34.Bh3 Rxf7 35.Rg1 d4+ 36.Kh2 Rf2+
37.Kg3 Rxa2 38.Bxe6 Re2 39.Bc4 Rc2  0-1

[Event "Wiesbaden op"]
[Site "Wiesbaden"]
[Date "1994.??.??"]
[Round "5"]
[White "Schnitzspan, Lothar"]
[Black "Grabarczyk, Miroslaw"]
[Result "1/2-1/2"]
[WhiteElo "2305"]
[BlackElo "2425"]

1.Nf3 d5 2.g3 Nf6 3.Bg2 c6 4.d3 Bg4 5.O-O Nbd7 6.c4 e6 7.Nbd2 Bd6 8.cxd5 cxd5
9.h3 Bxf3 10.Nxf3 O-O 11.Be3 Bc5 12.Bxc5 Nxc5 13.b4 Ncd7 14.Qa4 Qb6 15.Rfc1 a5
16.a3 axb4 17.Qxb4 Rfc8 18.Rxc8+ Rxc8 19.Qxb6 Nxb6 20.Rb1 Nfd7 21.Ne5 Nxe5
22.Rxb6 Rc7 23.f4 Nd7 24.Rb3 Kf8 25.f5 Ke7 26.fxe6 fxe6 27.h4 b6 28.Kf2 Ra7
29.d4 Rc7 30.g4 Kd6 31.Bf3 h6 32.g5 hxg5 33.hxg5 Ra7 34.Bh5 e5 35.e3 Ra4
36.Be8 exd4 37.exd4 Rxd4 38.Bxd7 Kxd7 39.Rxb6 Ra4 40.Rg6  1/2-1/2

[Event "Wiesbaden op"]
[Site "Wiesbaden"]
[Date "1994.??.??"]
[Round "7"]
[White "Wind, Lutz"]
[Black "Grabarczyk, Miroslaw"]
[Result "1/2-1/2"]
[WhiteElo "2300"]
[BlackElo "2425"]

1.Nf3 d5 2.g3 Nf6 3.Bg2 c6 4.O-O Bf5 5.d3 h6 6.Nbd2 e6 7.Qe1 Bh7 8.e4 Be7
9.Qe2 a5 10.a4 O-O 11.b3 Na6 12.Bb2 Nb4 13.Rac1 Re8 14.e5 Nd7 15.Nd4 Nc5
16.f4 b5 17.f5 bxa4 18.f6 Bf8 19.fxg7 Bxg7 20.bxa4 Qb6 21.Ba1 Rf8 22.Kh1 Nxa4
23.Rf4 c5 24.N4f3 Rac8 25.Nf1 c4 26.dxc4 dxc4 27.Bd4 Qa6 28.Rg4 Bf5 29.Rxg7+ Kxg7
30.Nh4 Bg6 31.Qf2 Rcd8 32.Be3 Nd5 33.Bxd5 exd5 34.Bd4 Kh7 35.Ra1 Qc6 36.Ne3 Nc3
37.Ng4 Ne4 38.Qf4 Bh5 39.Qf5+ Bg6 40.Qf4 Bh5 41.Qf5+ Bg6 42.Qf4  1/2-1/2